000 00512nam a22001937a 4500
003 koha_MIRAKIL
005 20231213095852.0
008 231213b |||||||| |||| 00| 0 ||| d
020 _b978-9-94469300-4
040 _aTR-IsEVY
_btur
_cTR-IsEVY
082 _aFIC ORR/N
100 _aOrr, Wendy.
245 0 _aNim'in adası
260 _bTudem,
_c2008
300 _a119 s.
650 _aChildren's literature -- Fiction, Australia.
650 _aÇocuk edebiyatı -- Roman, Avustralya.
942 _2ddc
_cBK
999 _c10772
_d10772